Double Letter Logos Quiz Stats

 Plays Quiz Updated Oct 3, 2017

Also try: Un-evolved Logos
Challenge
Share
Tweet
Score 0/25 Timer 05:00
56 Plays Today
% Correct
Reese's
95.2%
CNN
94.9%
Dr Pepper
91.9%
Jell-O
89%
Kellogg's
88.7%
Dell
88.3%
Google
87.9%
Hooters
84.5%
Ruffles
81%
Exxon
78.7%
Pizza Hut
77.3%
Cheez-It
76.9%
Fruity Pebbles
75.4%
% Correct
Kool-Aid
75%
Saab
72.6%
Campbell's
69.8%
Mott's
64.3%
Sara Lee
61.4%
Miller Brewing Company
56%
Hess
44.9%
Pillsbury
36%
Shutterfly
12.3%
Baskin-Robbins
11.4%
Barilla
9.6%
Fossil
2.7%

You're not logged in!

Compare scores with friends on all Sporcle quizzes.
OR
Log In

You Might Also Like...

Show Comments

Extras

Top Quizzes Today


Score Distribution

Your Account Isn't Verified!

In order to create a playlist on Sporcle, you need to verify the email address you used during registration. Go to your Sporcle Settings to finish the process.

Report this User

Report this user for behavior that violates our Community Guidelines.

Details: